Aitihasik Sankirna Nibandha (Record no. 1396068)

MARC details
000 -LEADER
fixed length control field 00685nam a2200265Ia 4500
008 - FIXED-LENGTH DATA ELEMENTS--GENERAL INFORMATION
fixed length control field 160716s9999||||xx |||||||||||||| ||und||
040 ## - CATALOGING SOURCE
Transcribing agency Marathi
082 ## - DEWEY DECIMAL CLASSIFICATION NUMBER
Classification number XI.A/Karve
082 ## - DEWEY DECIMAL CLASSIFICATION NUMBER
Item number BORI-45906
100 ## - MAIN ENTRY--PERSONAL NAME
Personal name Chintaman Ganesh Karve
245 ## - TITLE STATEMENT
Title Aitihasik Sankirna Nibandha
300 ## - PHYSICAL DESCRIPTION
Extent 112
300 ## - PHYSICAL DESCRIPTION
Other physical details Fifth
300 ## - PHYSICAL DESCRIPTION
Dimensions B
300 ## - PHYSICAL DESCRIPTION
Accompanying material Hardbound
530 ## - ADDITIONAL PHYSICAL FORM AVAILABLE NOTE
Uniform Resource Identifier <a href="00045906.pdf">00045906.pdf</a>
563 ## - BINDING INFORMATION
Binding note Study
600 ## - SUBJECT ADDED ENTRY--PERSONAL NAME
Personal name Chintaman Ganesh Karve
630 ## - SUBJECT ADDED ENTRY--UNIFORM TITLE
Uniform title Aitihasik Sankirna Nibandha
650 ## - SUBJECT ADDED ENTRY--TOPICAL TERM
Topical term or geographic name as entry element "Politics, History and Historiography"
650 ## - SUBJECT ADDED ENTRY--TOPICAL TERM
Topical term or geographic name as entry element General Indology
700 ## - ADDED ENTRY--PERSONAL NAME
Personal name Chintaman Ganesh Karve
730 ## - ADDED ENTRY--UNIFORM TITLE
Uniform title Aitihasik Sankirna Nibandha
942 ## - ADDED ENTRY ELEMENTS (KOHA)
Koha item type Book

No items available.